书目信息 |
| 题名: |
草根创业
|
|
| 作者: | 于富荣 主编 ;陈海涛 编著 | |
| 分册: | 休闲娱乐业创业路线图 | |
| 出版信息: | 北京 中国经济出版社 2010 |
|
| 页数: | 216页 | |
| 开本: | 24cm | |
| 丛书名: | ||
| 单 册: | ||
| 中图分类: | F715 , F719.5 | |
| 科图分类: | ||
| 主题词: | 商业经营--基本知识 , 休闲娱乐--服务业--商业经营--基本知识 , 商业经营 , 休闲娱乐 , 服务业 | |
| 电子资源: | ||
| ISBN: | 978-7-5017-9107-1 | |
| 000 | 01069nam0 2200313 45 | |
| 001 | 1033086984 | |
| 005 | 20100408161929.76 | |
| 010 | @a978-7-5017-9107-1@dCNY28.00 | |
| 100 | @a20100401d2010 em y0chiy50 ea | |
| 101 | 0 | @achi |
| 102 | @aCN@b110000 | |
| 105 | @ay z 000yy | |
| 106 | @ar | |
| 200 | 1 | @a草根创业@ACao Gen Chuang Ye@i休闲娱乐业创业路线图@IXiu Xian Yu Le Ye Chuang Ye Lu Xian Tu@f于富荣主编@FYu Fu Rong Zhu Bian@g陈海涛编著 |
| 210 | @a北京@c中国经济出版社@d2010 | |
| 215 | @a216页@d24cm | |
| 300 | @a中经创业 | |
| 330 | @a本书为创业者设计出了一份完美、实际的“创业路线图”,如调查市场、选择店址、装修、筹措创业资金等方方面面,还特別介绍了休闲娱乐业热门创业项目及日常管理的必备常识。 | |
| 606 | 0 | @a商业经营@x基本知识 |
| 606 | 0 | @a休闲娱乐@x服务业@x商业经营@x基本知识 |
| 606 | 0 | @a商业经营 |
| 606 | 0 | @a休闲娱乐 |
| 606 | 0 | @a服务业 |
| 690 | @aF715@v4 | |
| 690 | @aF719.5@v4 | |
| 701 | 0 | @a于富荣@AYu Fu Rong@4主编 |
| 702 | 0 | @a陈海涛@AChen Hai Tao@4编著 |
| 801 | 0 | @aCN@bTANGWEI@c20100408 |
| 905 | @b0588272-76@dF715@e500@f5 | |
| 草根创业.休闲娱乐业创业路线图/于富荣主编/陈海涛编著.-北京:中国经济出版社,2010 |
| 216页;24cm |
| 中经创业 |
| ISBN 978-7-5017-9107-1:CNY28.00 |
| 本书为创业者设计出了一份完美、实际的“创业路线图”,如调查市场、选择店址、装修、筹措创业资金等方方面面,还特別介绍了休闲娱乐业热门创业项目及日常管理的必备常识。 |
| ● |
| 相关链接 |
|
|
|
|
正题名:草根创业
索取号:F715/500
 
预约/预借
| 序号 | 登录号 | 条形码 | 馆藏地/架位号 | 状态 | 备注 |
| 1 | 0588272 | 205882721 | 第一样本阅览室/ [索取号:F715/500] | 在馆 | |
| 2 | 0588273 | 205882730 | 第一借阅区/ [索取号:F715/500] | 在馆 | |
| 3 | 0588274 | 205882749 | 第一借阅区/ [索取号:F715/500] | 在馆 | |
| 4 | 0588276 | 205882767 | 第一借阅区/ [索取号:F715/500] | 在馆 |